LIBRARY & INFORMATION CENTRE, KCAET, TAVANUR

ONLINE PUBLIC ACCESS CATALOGUE (OPAC)

Applied mechanics / (Record no. 10607)

MARC details
000 -LEADER
fixed length control field 00519cam a2200229ua 4500
041 ## - LANGUAGE CODE
Language code of text/sound track or separate title eng
082 ## - DEWEY DECIMAL CLASSIFICATION NUMBER
Classification number 620.1
Item number BAL/AP
100 ## - MAIN ENTRY--AUTHOR NAME
Personal name Bal, G V .
245 ## - TITLE STATEMENT
Title Applied mechanics /
260 ## - PUBLICATION, DISTRIBUTION, ETC. (IMPRINT)
Place of publication :
Name of publisher Royal Book Stall ,
Year of publication 1963.
300 ## - PHYSICAL DESCRIPTION
Number of Pages 336 ; .
942 ## - ADDED ENTRY ELEMENTS (KOHA)
Koha item type Books
Holdings
Withdrawn status Lost status Damaged status Home library Current library Date acquired Cost, normal purchase price Full call number Accession Number Koha item type
Withdrawn     KAUAET KAUAET 07/04/2012 7.00 620.1 BAL/AP 7555 Books
Withdrawn     KAUAET KAUAET 07/04/2012 7.00 620.1 BAL/AP 7554 Books
Withdrawn     KAUAET KAUAET 07/04/2012 7.00 620.1 BAL/AP 7553 Books
Withdrawn     KAUAET KAUAET 07/04/2012 7.00 620.1 BAL/AP 7552 Books
Withdrawn     KAUAET KAUAET 07/04/2012 12.00 620.1 BAL/AP 7556 Books
Withdrawn     KAUAET KAUAET 07/04/2012 12.00 620.1 BAL/AP 7557 Books
free website counter